Регионална библиотека "Любен Каравелов" - Русе

Чатъртън (Запис номер 392344)

MARC детайли
000 -Лидер
Контролно поле с фиксирана дължина 01148nam a2200325 a 4500
003 - Код на организацията, давaща контролен номер
Контролно поле BLK
005 - Дата и час на последна редакция
Контролно поле 20240727104859.0
008 - Елементи от данни с фиксирана дължина
fixed length control field 201214b bu |||||r|||| 00| | bu d
020 ## - Международен стандартен номер на книга ISBN
Международен стандартен номер на книга ISBN 978-954-553-325-9
040 ## - Източник на каталожния запис
Идентификатор на билиотеката - собственик на записа BLK
041 ## - Код за език
Код за езика на текст/звукозапис или на отделно заглавие Български
Код за езика КДБФ Български
080 ## - УДК
Текстов определител УДК Английска литература
УДК код - определител по УДК 821.111
УДК определител -31
УДК - код + определител 821.111-31
100 ## - Редна дума - Автор
R(LIN) 1299
Автор Акройд, Питър
Авторска отговорност първи автор
139 ## - Редно поле
Редна дума Акройд, Питър
Авторски знак Акр - А 42
245 ## - Сведения за заглавието
Заглавие Чатъртън
Подзаглавни данни Роман
Редно поле (дума) Питър Акройд.
260 ## - Област на издателските данни
9 (RLIN) 209722
Място на издаване, разпространение и проч. София
Име на издателя, разпространителя и проч. Парадокс
Година на издаване 2019
Печатница Хасково, Полиграфюг
Издателство - префикс ISBN 978-954-553-
300 ## - Физическа характеристика
Размери/Мащаб 21 см
Страници 335 с.
380 ## - Жанр
Жанр Худож. лит.
500 ## - Общи забележки
Забележка Ориг. загл.: Chatterton / Peter Ackroyd<br/>За авт.: с. 1<br/>Няколко думи за преводача: с. 334<br/>
700 ## - Други автори (авторска отговорност)
9 (RLIN) 341215
Лично име Димитрова, Кристина Валентинова
Автороска отговорност (Описва отношението между автора и произведението) прев. от англ.
852 ## - Местоположение
Форматна сигнатура Цб 306048
Фондова буква Хранилище
999 ## - СИСТЕМНИ КОНТРОЛНИ НОМЕРА
Koha biblionumber 392344
Koha biblioitemnumber 392344
942 ## - АРТИКУЛИ
Вид на библиотечния материал Книги
Скрит в OPAC Не
Периодичен библиозапис Да
Koha issues (borrowed), all copies 8
944 ## - СЪЗДАВАНЕ И РЕДАКЦИЯ на ЗАПИСА
Създаване/Редакция Създаване
Служител, извършил регистрацията/редакцията 30545
Статус, дата на статуса Нора Радева
999 ## - СИСТЕМНИ КОНТРОЛНИ НОМЕРА
Koha biblioitemnumber 392344
999 ## - СИСТЕМНИ КОНТРОЛНИ НОМЕРА
Koha biblioitemnumber 392344
999 ## - СИСТЕМНИ КОНТРОЛНИ НОМЕРА
Koha biblioitemnumber 392344
999 ## - СИСТЕМНИ КОНТРОЛНИ НОМЕРА
Koha biblioitemnumber 392344
999 ## - СИСТЕМНИ КОНТРОЛНИ НОМЕРА
Koha biblioitemnumber 392344
999 ## - СИСТЕМНИ КОНТРОЛНИ НОМЕРА
Koha biblioitemnumber 392344
Наличности
Код за отписване Код за изгубен артикул Източник на класификационната схема Код за повреда Коз за рестрикции Код за отдаване Артикулен № Име на библиотеката - собственик Име на библиотеката, в която се намира в момента Статус (Текущо местоположение) Дата на вписване в системата Местоположение - отдел Цена в лева Систематично азбучна сигнатура Баркод Цена в евро Служебен тип на артикула
  Не е изгубен Universal Decimal Classification Не е повреден само за читалня ползва се в читалня 813707 Регионална библиотека "Любен Каравелов" Русе Регионална библиотека "Любен Каравелов" Русе Хранилище 2021-03-01 Хранилище 18.00 Цб 306048 120000851171 9.20 Книги
  Не е изгубен Universal Decimal Classification Не е повреден без рестрикции заемане за дома 900120 Регионална библиотека "Любен Каравелов" Русе Регионална библиотека "Любен Каравелов" Русе Заемна - подръчен фонд 2022-08-15 Заемна - подръчен фонд 18.00 821-31/А 42 П 120000874112 9.20 Книги
Vip Innovations Ltd, Rousse, Bulgaria 2025